Statistics for The Germany Quiz

Click here to take the quiz!

General Stats

  • This quiz has been taken 1,393 times
    (614 since last reset)
  • The average score is 8 of 12

Answer Stats

HintAnswer% Correct
Most populous cityBerlin
99%
Year the Berlin Wall fell1989
95%
Number of countries where German is the official languageSix
93%
Number of countries bordered by GermanyNine
91%
First female ChancellorAngela Merkel
86%
State that Munich is inBavaria
86%
Number of times that the women's football team has won the FIFA World CupTwo
85%
German name for the policeLandespolizei
69%
Year that the last German Emperor abdicated1918
60%
Famous national sports team that was founded in 1900Football Team
34%
Tallest skyscraper in GermanyCommerzbank Tower
15%
Oldest inhabited castle in the countryBurg Meersburg
5%

Score Distribution

Percentile by Number Answered

Percent of People with Each Score

Your Score History

You have not taken this quiz since the last reset